000 01636nam a2200325 i 4500
003 DO-SdBNP
005 20250819114021.0
007 ta
008 250819t2025 dr a b 000 0 spa d
020 _z9789945292404
040 _aDO-SdBNP
_bspa
_cBNPHU
_erda
041 _aspa
082 _axxxx
_bC514
_222
100 1 _aCheco, Paola
_eautora
_4aut.
_934446
245 1 0 _aCoco el mapache /
_cPaola Checo, Christian Molina ; ilustraciones, Fernando Parreño, Mariela González
250 _aPrimera edición
264 4 _aSanto Domingo :
_b[editora no identificada],
_c©2025.
300 _a[38] páginas
_bilustraciones
_c21 cm.
336 _atexto
_btxt
_2rdacontent
337 _asin mediación
_bn
_2rdamedia
338 _avolumen
_bnc
_2rdacarrier
500 _aLibro en pasta dura y páginas satinadas.
520 _aEste cuento combina hechos de la vida real con elementos ficticios para transmitir un mensaje absolutamente cierto: que cuando valoras la amistad, practicas la solidaridad y enfrentas los retos con valentía puedes lograrlo todo. Algonquin es un lugar real. Christian estuvo allá, conoció a Coco y este realmente se robó sus chocolates. El resto de la historia surgió del deseo de dos padres de compartir un cuento para leer antes dormir con sus hijos que fuera entretenido, pero que al mismo tiempo reforzara los valores en los que creemos.
590 _aInventariado, 2025/ YL
700 1 _aMolina , Christian
_eautor
_4aut.
_988515
700 1 _aParreño, Fernando
_eilustraciones
_4il.
_934447
700 1 _aGonzález, Mariela
_eilustraciones
_4il.
_984278
910 _aYLockward
942 _2ddc
_cLF2
999 _c59797
_d59797